| 000 | 00481nam a22001697a 4500 | ||
|---|---|---|---|
| 003 | OSt | ||
| 005 | 20220916193123.0 | ||
| 008 | 220916b |||||||| |||| 00| 0 eng d | ||
| 020 | _a978-2-35476-010-6 | ||
| 040 | _cBiblioteca Lado V | ||
| 082 |
_a708 _bD768d |
||
| 100 |
_aDreyfus, Laurence _eJefe |
||
| 245 |
_aDeguste/ _bL'art de gouter autrement/ |
||
| 260 |
_aFrancia _bCulturesfrance _c1995 |
||
| 300 |
_a116p. _c15x20cm |
||
| 942 |
_2ddc _c1 _h708 _iD768d _n0 |
||
| 999 |
_c2074 _d2074 |
||